00604nam a2200217Ia 4500003000900000008004100009040001300050040001300063041000800076100001200084245002100096250001200117260001200129260000900141300001100150300001000161490000600171942000700177999001700184952018500201IT-RoPAU120407s9999 xx 000 0 und d aIT-RoPAU cIT-RoPAU afra aAl Aman aNotre Saint Paul aAvignon aAubanel c1935 a409 p. c18 cm v1 cBK c34223d34223 00102ddc406227_30000000000000071aPAULUSbPAULUSd2012-04-11l0o227.30r2012-04-11 00:00:00w2012-04-11yBKzInserito da: Anna In data: n.d. fondo: Via A.Severo 56 Progr:27274